000 00577nam a22002057a 4500
005 20170124110126.0
010 _a853082
020 _c00.00
_a0340207272
035 _a853082
037 _bCen Lib/Ret
040 _aDPL
_bEN
082 _aN
_bMCI
100 _a McIlvanney, William
_931596
245 _aLaidlaw /
_cby William McIlvanney
260 _aLondon
_bHodder and Stoughton
_c1977
300 _a224p.
_c20cm(Hb)
650 _aLaidlaw, Jack (Fictitious character) -- Fiction
_931597
650 _aPolice -- Scotland -- Fiction
_931598
942 _2ddc
_cEN
_hN
_mMCI
999 _c131367
_d131367